000 00411pab a2200157 454500
008 180718b2004 xxu||||| |||| 00| 0 eng d
100 _aKaur, Ravinder
245 _aSlums in a planned city: some environmental concerns: (a case study of Chandigarh)
260 _c2004
300 _ap.57-74.
362 _aJun
650 _aEnvironment
650 _aSlums
773 _aMan and Development
909 _a61558
999 _c61558
_d61558